Bases farmacológicas de la terapéutica / (Record no. 11114)
[ view plain ]
| 000 -CABECERA | |
|---|---|
| campo de control de longitud fija | 00789cam a2200205u 4500 |
| 001 - NÚMERO DE CONTROL | |
| campo de control | 000011408 |
| 005 - FECHA Y HORA DE LA ÚLTIMA TRANSACCIÓN | |
| campo de control | 20200929162438.0 |
| 008 - DATOS DE LONGITUD FIJA--INFORMACIÓN GENERAL | |
| campo de control de longitud fija | 810429s1957 mx a 000 0 spa |
| 040 ## - FUENTE DE LA CATALOGACIÓN | |
| Centro catalogador/agencia de origen | DO-SdBNP |
| Lengua de catalogación | spa |
| Centro/agencia transcriptor | BNPHU |
| 100 1# - ENTRADA PRINCIPAL--NOMBRE DE PERSONA | |
| Nombre de persona | Goodman, Louis S., |
| Fechas asociadas al nombre | 1906- |
| 9 (RLIN) | 27047 |
| 240 10 - TÍTULO UNIFORME | |
| Título uniforme | Pharmacological basis of therapeutics. |
| Lenguaje de la obra | Español |
| 245 10 - MENCIÓN DE TÍTULO | |
| Título | Bases farmacológicas de la terapéutica / |
| Mención de responsabilidad, etc. | Louis S. Gooman, Alfred Gilman ; traducción A. Palacios López y H. Vela Treviño. |
| 260 ## - PUBLICACIÓN, DISTRIBUCIÓN, ETC. | |
| Lugar de publicación, distribución, etc. | México : |
| Nombre del editor, distribuidor, etc. | Union Tipográfica Editorial Hispano-Américana, |
| Fecha de publicación, distribución, etc. | 1957. |
| 300 ## - DESCRIPCIÓN FÍSICA | |
| Extensión | v. : ; |
| Dimensiones | 25 cm. |
| 500 ## - NOTA GENERAL | |
| Nota general | Traducido del inglés |
| 500 ## - NOTA GENERAL | |
| Nota general | La biblioteca posee el volúmen 2 |
| 700 1# - PUNTO DE ACCESO ADICIONAL--NOMBRE DE PERSONA | |
| Nombre de persona | Gilman, Alfred |
| 9 (RLIN) | 27048 |
| 700 1# - PUNTO DE ACCESO ADICIONAL--NOMBRE DE PERSONA | |
| Nombre de persona | Palacios López, A., |
| Término indicativo de función/relación | tr. |
| 9 (RLIN) | 27049 |
| 700 1# - PUNTO DE ACCESO ADICIONAL--NOMBRE DE PERSONA | |
| Nombre de persona | Vela Treviño, H. |
| Término indicativo de función/relación | tr. |
| 9 (RLIN) | 27050 |
| Estado de retiro | Estado de pérdida | Restricciones de uso | No para préstamo | Código de colección | Localización permanente | Ubicación/localización actual | Ubicación en estantería | Fecha de adquisición | Número de inventario | Total de préstamos | Signatura topográfica completa | Código de barras | Fecha visto por última vez | Precio válido a partir de | Tipo de ítem Koha |
|---|---|---|---|---|---|---|---|---|---|---|---|---|---|---|---|
| Préstamo interno | Monografías: Libros y Folletos | General | General | En catalogación | 16.10.2009 | LF1 | 11408-10 | 25.06.2020 | 25.06.2020 | Préstamo interno |
